National League South 26/27 Logos - Statistics

General Stats
  • This quiz has been taken 13 times
  • The average score is 12 of 24
Answer Stats
Picture Answer % Correct
Maidstone
85%
Torquay
85%
Braintree
77%
Dagenham and Redbridge
77%
Dorking
77%
Dover
77%
Ebbsfleet
69%
Hemel Hempstead
69%
Truro City
69%
Chelmsford
54%
Maidenhead
54%
Tonbridge Angels
54%
Weston Super Mare
54%
Farnham
46%
Chesham
38%
Farnborough
38%
AFC Totton
31%
Horsham
31%
Walton and Hersham
31%
Folkestone Invicta
15%
Hampton and Richmond Borough
15%
Salisbury
15%
Slough
15%
Billericy
8%
No matching quizzes found
Score Distribution
Percent of People with Each Score
Percentile by Number Answered
Your Score History
You have not taken this quiz